Alle landen waar een Y in zit. - Statistieken

Algemene statistieken
  • Deze quiz is 38 keer genomen
  • De gemiddelde score is 6 van 8
Antwoordstatistieken
Antwoord % Correct
Uruguay
95%
Paraguay
85%
Cyprus
75%
Guyana
75%
Myanmar
75%
Syrië
75%
Egypte
65%
Seychellen
45%
Geen overeenkomende quizzen gevonden
Scoreverdeling
Procent van Mensen met Elke Score
Percentiel versus Aantal Correcte Antwoorden
Uw Scoregeschiedenis
U heeft deze quiz nog niet genomen